00847pab a2200145 454500008004000000100002200040245003800062260000900100300001600109362001000125520046600135650004400601650002200645773003400667180718b2007 xxu||||| |||| 00| 0 eng d aBanerjee, Sumanta aMoral betrayal of a leftist dream c2007 ap.1240-242. a7 Apr aA sense of public anger in West Bengal over Singur and Nandigram has not added up yet to a statewide agitation against the Left Front. The electorate is wise enough to recognise that there is no viable alternative as yet. But if the CPI(M) continutes to be obdurate, public outrage may take desperate forms. Reactionary forces like the Trinamool and BJP are waiting in the wings - the first such ominous signs were evident in Singur and Nandigram. - Reproduced. aAgricultural land - India - West Bengal aAgricultural land aEconomic and Political Weekly